000 006140000a22001810004500
003 MACL
005 20160228135006.0
008 160228b xxu||||| |||| 00| 0 eng d
040 _aMACL
_cMACL
041 _aHindi
082 _a800
100 _aरामजी उपाध्‍याय
_941259
245 _aप्राचीन भारतीय साहित्‍य की सांस्‍कृतिक भूमिका
260 _bदेवभारती प्रकाशन
_c1966
_aइलाहाबाद
350 _a33
650 _aLiteracture
_939932
942 _cHIN
_k800
_2ddc
999 _c25807
_d25807